| 000 | 00542nam a2200217 a 4500 | ||
|---|---|---|---|
| 999 |
_c5677 _d5677 |
||
| 001 | 5677 | ||
| 003 | BD-JhCC | ||
| 005 | 20171219184044.0 | ||
| 008 | 171219s1967 e a|||| || | 000 0 eng d | ||
| 035 | _a(BD-JhCC)5677 | ||
| 040 |
_aBD-JhCC _dBD-JhCC |
||
| 041 | _aeng | ||
| 082 |
_a684.08 _bWIL 1967 |
||
| 100 | _aWilliams, Guy R. | ||
| 245 |
_aYour Book of Woodwork / _cGuy R. Williams, |
||
| 260 |
_aLondon : _bFaber and Faber, _c1967. |
||
| 300 |
_a61 p. : _bill. ; _c21 cm. |
||
| 650 | _aWoodwork | ||
| 942 |
_2ddc _cBK |
||